[Event "Gideon Japhet ACP Open 2018"]
[Site "Jerusalem"]
[Date "2018.07.03"]
[Round "4"]
[White "Parkhov, Yair"]
[Black "Yaniv, Yuval"]
[Result "1-0"]
[WhiteElo "2364"]
[BlackElo "2054"]
[Annotator "NA"]
[PlyCount "85"]
[EventDate "2018.07.01"]
[EventType "swiss"]
[EventCountry "ISR"]
[SourceTitle "playchess.com"]
[Source "ChessBase"]
[SourceQuality "1"]
[TimeControl "40/5400+30:1800+30"]

1. d4 {[%emt 0:00:00]} Nf6 {[%emt 0:00:00]} 2. Bf4 {[%emt 0:00:00]} g6 {[%emt 0:00:23]} 3. Nc3 {[%emt 0:00:15]} Bg7 {[%emt 0:01:42]} 4. e4 {[%emt 0:00:09]} d6 {[%emt 0:00:27]} 5. Qd2 {[%emt 0:00:12]} a6 {[%emt 0:00:54]} 6. O-O-O {[%emt 0:01:46]} b5 {[%emt 0:02:15]} 7. f3 {[%emt 0:04:52]} Nbd7 {[%emt 0:02:00]} 8. Bh6 {[%emt 0:02:58]} Bxh6 {[%emt 0:03:53]} 9. Qxh6 {[%emt 0:00:07]} b4 {[%emt 0:00:30]} 10. Nce2 {[%emt 0:17:38]} e5 {[%emt 0:14:17]} 11. Nh3 {[%emt 0:08:04]} c5 {[%emt 0:10:38]} 12. dxc5 {[%emt 0:02:42]} Nxc5 {[%emt 0:10:10]} 13. Qd2 {[%emt 0:09:14]} Be6 {[%emt 0:15:56]} 14. Qxd6 {[%emt 0:07:55]} Nfd7 {[%emt 0:02:35]} 15. Kb1 {[%emt 0:03:59]} a5 {[%emt 0:04:54]} 16. Nc1 {[%emt 0:02:49]} Rb8 {[%emt 0:02:37]} 17. Nb3 {[%emt 0:05:38]} Nb7 {[%emt 0:13:32]} 18. Qc6 {[%emt 0:07:30]} Qb6 {[%emt 0:06:32]} 19. Bb5 {[%emt 0:02:01]} Qxc6 {[%emt 0:01:28]} 20. Bxc6 {[%emt 0:00:07]} Ke7 {[%emt 0:01:42]} 21. Ng5 {[%emt 0:01:57]} Ndc5 {[%emt 0:01:00]} 22. Nxe6 {[%emt 0:01:16]} Kxe6 {[%emt 0:00:09]} 23. Nxc5+ {[%emt 0:00:27]} Nxc5 {[%emt 0:00:02]} 24. Rd5 {[%emt 0:00:11]} Nb7 {[%emt 0:01:32]} 25. Rhd1 {[%emt 0:00:10]} Nd8 {[%emt 0:00:53]} 26. Rd7 {[%emt 0:01:25]} Kf6 {[%emt 0:00:16]} 27. R1d6+ {[%emt 0:00:16]} Kg7 {[%emt 0:00:22]} 28. Bd5 {[%emt 0:00:08]} Rf8 {[%emt 0:00:10]} 29. Ra6 {[%emt 0:00:11]} Kh6 {[%emt 0:00:51]} 30. Rxa5 {[%emt 0:00:15]} f5 {[%emt 0:01:01]} 31. Raa7 {[%emt 0:00:07]} fxe4 {[%emt 0:00:11]} 32. h4 {[%emt 0:00:18]} Rh8 {[%emt 0:00:36]} 33. fxe4 {[%emt 0:01:46]} Rb6 {[%emt 0:00:58]} 34. Ra8 {[%emt 0:01:08]} Rf6 {[%emt 0:00:10]} 35. a3 {[%emt 0:00:13]} Rff8 {[%emt 0:01:23]} 36. axb4 {[%emt 0:00:17]} Kh5 {[%emt 0:00:25]} 37. b5 {[%emt 0:00:28]} Kxh4 {[%emt 0:00:11]} 38. Ra3 {[%emt 0:00:57]} h5 {[%emt 0:01:04]} 39. b6 {[%emt 0:00:11]} Rf6 {[%emt 0:00:40]} 40. b7 {[%emt 0:01:52]} Nxb7 {[%emt 0:00:22]} 41. Rxb7 {[%emt 0:30:09]} Rf2 {[%emt 0:30:10]} 42. g3+ {[%emt 0:00:48]} Kg5 {[%emt 0:01:09]} 43. c4 1-0

[Event "Gideon Japhet ACP Open 2018"]
[Site "Jerusalem"]
[Date "2018.07.03"]
[Round "4"]
[White "Gluhovsky, Mark"]
[Black "Gov, Guy"]
[Result "1-0"]
[WhiteElo "2308"]
[BlackElo "1872"]
[Annotator "NA"]
[PlyCount "53"]
[EventDate "2018.07.01"]
[EventType "swiss"]
[EventCountry "ISR"]
[SourceTitle "playchess.com"]
[Source "ChessBase"]
[SourceQuality "1"]
[TimeControl "40/5400+30:1800+30"]

1. e4 {[%emt 0:06:52]} e5 {[%emt 0:00:00]} 2. Nc3 {[%emt 0:00:08]} Nf6 {[%emt 0:00:00]} 3. g3 {[%emt 0:00:07]} d5 {[%emt 0:00:00]} 4. exd5 {[%emt 0:00:07]} Nxd5 {[%emt 0:00:00]} 5. Bg2 {[%emt 0:00:05]} Nxc3 {[%emt 0:00:03]} 6. bxc3 {[%emt 0:00:06]} Bd6 {[%emt 0:00:11]} 7. Nf3 {[%emt 0:00:31]} O-O {[%emt 0:00:15]} 8. O-O {[%emt 0:00:09]} Nd7 {[%emt 0:00:05]} 9. Re1 {[%emt 0:00:50]} h6 10. d4 {[%emt 0:04:09]} exd4 {[%emt 0:01:31]} 11. cxd4 {[%emt 0:00:09]} Nb6 {[%emt 0:00:21]} 12. Qd3 {[%emt 0:03:36]} Be6 {[%emt 0:03:33]} 13. Bxh6 {[%emt 0:19:10]} gxh6 {[%emt 0:13:34]} 14. Rxe6 {[%emt 0:04:42]} fxe6 {[%emt 0:02:14]} 15. Qg6+ {[%emt 0:00:09]} Kh8 {[%emt 0:00:10]} 16. Qxh6+ {[%emt 0:00:24]} Kg8 {[%emt 0:00:06]} 17. Qg6+ {[%emt 0:14:44]} Kh8 {[%emt 0:02:18]} 18. Ng5 {[%emt 0:00:25]} Qe7 {[%emt 0:19:32]} 19. Re1 {[%emt 0:07:49]} Rf6 {[%emt 0:11:56]} 20. Qh5+ {[%emt 0:02:54]} Kg8 {[%emt 0:00:09]} 21. Bh3 {[%emt 0:03:20]} e5 {[%emt 0:30:54]} 22. Re4 {[%emt 0:05:22]} Qg7 {[%emt 0:09:42]} 23. Be6+ {[%emt 0:09:05]} Kf8 {[%emt 0:00:08]} 24. dxe5 {[%emt 0:07:46]} Qh6 {[%emt 0:02:51]} 25. Nh7+ {[%emt 0:01:04]} Kg7 {[%emt 0:02:23]} 26. exf6+ {[%emt 0:00:07]} Kxh7 {[%emt 0:00:26]} 27. Bf5+ 1-0

[Event "Gideon Japhet ACP Open 2018"]
[Site "Jerusalem"]
[Date "2018.07.03"]
[Round "4"]
[White "Khurtsilava, Inga"]
[Black "Yuffa, Daniil"]
[Result "0-1"]
[WhiteElo "2282"]
[BlackElo "2577"]
[Annotator "RC"]
[PlyCount "64"]
[EventDate "2018.07.01"]
[EventType "swiss"]
[EventCountry "ISR"]
[SourceTitle "playchess.com"]
[Source "ChessBase"]
[SourceQuality "1"]
[TimeControl "40/5400+30:1800+30"]

1. b3 {[%emt 0:13:28]} e5 {[%emt 0:00:00]} 2. Bb2 {[%emt 0:00:01]} Nc6 {[%emt 0:00:06]} 3. e3 {[%emt 0:00:09]} g6 {[%emt 0:01:00]} 4. Nf3 {[%emt 0:01:13]} Bg7 {[%emt 0:00:34]} 5. Bb5 {[%emt 0:00:13]} Nge7 {[%emt 0:00:30]} 6. d4 {[%emt 0:01:41]} e4 {[%emt 0:02:33]} 7. Nfd2 {[%emt 0:00:13]} d5 {[%emt 0:00:25]} 8. c4 {[%emt 0:01:05]} f5 {[%emt 0:04:05]} 9. cxd5 {[%emt 0:00:58]} Nxd5 {[%emt 0:00:17]} 10. Bxc6+ {[%emt 0:01:10]} bxc6 {[%emt 0:00:04]} 11. Ba3 {[%emt 0:00:36]} Ba6 {[%emt 0:07:36]} 12. Nc4 {[%emt 0:03:11]} Qg5 {[%emt 0:03:16]} 13. O-O {[%emt 0:11:09]} f4 {[%emt 0:00:44]} 14. Qc2 {[%emt 0:05:39]} O-O-O {[%emt 0:02:35]} 15. Qxe4 {[%emt 0:08:36]} Rhe8 {[%emt 0:02:56]} 16. Qf3 {[%emt 0:22:00]} fxe3 {[%emt 0:00:29]} 17. Bc5 {[%emt 0:00:45]} exf2+ {[%emt 0:12:17]} 18. Qxf2 {[%emt 0:01:05]} Bxc4 {[%emt 0:02:03]} 19. bxc4 {[%emt 0:00:07]} Ne3 {[%emt 0:00:11]} 20. Nd2 {[%emt 0:01:54]} Nxf1 {[%emt 0:00:10]} 21. Rxf1 {[%emt 0:02:14]} Qxc5 {[%emt 0:00:43]} 22. dxc5 {[%emt 0:03:48]} Bd4 {[%emt 0:00:06]} 23. Nf3 {[%emt 0:00:28]} Bxf2+ {[%emt 0:00:10]} 24. Kxf2 {[%emt 0:00:06]} Rd3 {[%emt 0:00:28]} 25. Rc1 {[%emt 0:00:06]} a5 {[%emt 0:00:52]} 26. Rc2 {[%emt 0:00:58]} a4 {[%emt 0:00:10]} 27. Nd2 {[%emt 0:01:12]} g5 {[%emt 0:01:11]} 28. Nb1 {[%emt 0:01:36]} Ree3 {[%emt 0:00:57]} 29. Rb2 {[%emt 0:00:57]} h5 {[%emt 0:01:47]} 30. Rb4 {[%emt 0:04:22]} g4 {[%emt 0:02:17]} 31. g3 {[%emt 0:02:24]} Re4 {[%emt 0:00:27]} 32. Rb2 {[%emt 0:00:47]} Rxc4 {[%emt 0:00:53]} 0-1

[Event "Gideon Japhet ACP Open 2018"]
[Site "Jerusalem"]
[Date "2018.07.03"]
[Round "4"]
[White "Cohen Revivo, Shoham"]
[Black "Kobo, Ori"]
[Result "0-1"]
[WhiteElo "2248"]
[BlackElo "2508"]
[Annotator "ChessBase"]
[PlyCount "72"]
[EventDate "2018.07.01"]
[EventType "swiss"]
[EventCountry "ISR"]
[SourceTitle "playchess.com"]
[Source "ChessBase"]
[SourceQuality "1"]
[TimeControl "40/5400+30:1800+30"]

1. e4 {[%emt 0:00:00]} g6 {[%emt 0:04:21]} 2. d4 {[%emt 0:00:00]} Bg7 {[%emt 0:00:06]} 3. Nc3 {[%emt 0:00:00]} d6 {[%emt 0:00:15]} 4. Bg5 {[%emt 0:00:06]} Nf6 {[%emt 0:00:08]} 5. Qd2 {[%emt 0:00:22]} c6 {[%emt 0:00:20]} 6. O-O-O {[%emt 0:02:33]} h6 {[%emt 0:03:47]} 7. Bf4 {[%emt 0:00:01]} g5 {[%emt 0:02:45]} 8. Bg3 {[%emt 0:00:10]} Nh5 {[%emt 0:00:21]} 9. Nge2 {[%emt 0:03:50]} b5 {[%emt 0:05:58]} 10. h4 {[%emt 0:03:45]} Nd7 {[%emt 0:10:24]} 11. Kb1 {[%emt 0:04:09]} g4 {[%emt 0:05:02]} 12. e5 {[%emt 0:14:02]} dxe5 {[%emt 0:03:53]} 13. dxe5 {[%emt 0:04:22]} Nxg3 {[%emt 0:00:11]} 14. Nxg3 {[%emt 0:00:49]} Bxe5 {[%emt 0:00:14]} 15. Be2 {[%emt 0:02:59]} h5 {[%emt 0:02:13]} 16. Nxh5 {[%emt 0:07:46]} Rxh5 {[%emt 0:01:17]} 17. Bxg4 {[%emt 0:00:11]} Rh8 {[%emt 0:07:20]} 18. Rhe1 {[%emt 0:00:10]} Qc7 {[%emt 0:08:44]} 19. Qg5 {[%emt 0:20:22]} e6 {[%emt 0:03:47]} 20. Bxe6 {[%emt 0:02:40]} fxe6 {[%emt 0:01:29]} 21. f4 {[%emt 0:00:06]} Nf6 {[%emt 0:15:31]} 22. fxe5 {[%emt 0:06:53]} Nd5 {[%emt 0:00:07]} 23. Rf1 {[%emt 0:04:33]} Qh7 {[%emt 0:00:06]} 24. Rd4 {[%emt 0:08:42]} Rg8 {[%emt 0:04:46]} 25. Qd2 {[%emt 0:02:28]} Bb7 {[%emt 0:02:04]} 26. Ne4 {[%emt 0:01:19]} O-O-O {[%emt 0:00:14]} 27. Nd6+ {[%emt 0:06:27]} Rxd6 {[%emt 0:03:52]} 28. exd6 {[%emt 0:00:01]} c5 {[%emt 0:02:03]} 29. Rd3 {[%emt 0:00:52]} Qxh4 {[%emt 0:02:00]} 30. Rdf3 {[%emt 0:01:02]} Qd8 {[%emt 0:02:52]} 31. Qh6 {[%emt 0:03:16]} Qxd6 {[%emt 0:00:07]} 32. Rf7 {[%emt 0:00:44]} Rd8 {[%emt 0:01:37]} 33. g4 {[%emt 0:00:55]} Nb6 {[%emt 0:04:31]} 34. a3 {[%emt 0:00:27]} Nc4 {[%emt 0:00:14]} 35. Rc1 {[%emt 0:00:55]} b4 {[%emt 0:01:44]} 36. axb4 {[%emt 0:00:12]} Nd2+ {[%emt 0:00:06]} 0-1

[Event "Gideon Japhet ACP Open 2018"]
[Site "Jerusalem"]
[Date "2018.07.03"]
[Round "4"]
[White "Lahav, Michal"]
[Black "Shvayger, Yuliya"]
[Result "1/2-1/2"]
[WhiteElo "2223"]
[BlackElo "2409"]
[Annotator "TA"]
[PlyCount "119"]
[EventDate "2018.07.01"]
[EventType "swiss"]
[EventCountry "ISR"]
[SourceTitle "playchess.com"]
[Source "ChessBase"]
[SourceQuality "1"]

{[%evp 14,119,36,39,93,75,90,40,38,31,33,20,11,27,45,45,51,53,103,90,79,52,48,50,171,169,168,91,131,125,225,211,206,212,218,209,242,250,235,240,237,228,247,245,257,253,275,248,272,275,363,365,405,413,431,430,406,374,374,374,384,392,390,388,422,410,405,394,378,367,372,0,377,372,377,366,355,328,355,357,472,370,346,253,258,262,241,237,263,255,247,210,205,74,74,74,74,74,74,74,74,74,74,74,75,78,83,0]} 1. e4 e6 2. d4 d5 3. Nd2 Be7 4. e5 c5 5. c3 Nc6 6. Bd3 {C03: French Tarrasch: Unusual Black 3rd moves} Qb6 7. Ndf3 Bd7 (7... f6 8. Ne2 fxe5 9. Nxe5 Nxe5 10. dxe5 Bd7 11. O-O Qc7 12. c4 Qxe5 13. Bf4 Qh5 {1-0 (59) Kovalev,V (2598)-Sjugirov,S (2673) Moscow 2017}) 8. Ne2 {LiveBook: 7 Games. White is slightly better.} Nh6 (8... cxd4 $14 9. cxd4 (9. Nexd4 Bc5 $11) 9... Nb4) 9. O-O $16 cxd4 10. cxd4 Nf5 11. Bxf5 exf5 12. Nf4 Be6 $1 13. Nh5 $146 O-O 14. Qd2 Qd8 15. Re1 Bd7 16. Qf4 Kh8 17. Qg3 $40 {[%csl Gh5][%cal Rg3g7][%mdl 128] White is up to no good.} (17. Nxg7 $5 Nb4 18. e6 $16 (18. Nxf5 Nd3 $14)) 17... Rg8 $1 18. Ng5 Bxg5 (18... Be6 $1 $14) 19. Bxg5 $18 Qf8 20. Rad1 (20. Qh4 $1 $18) 20... Ne7 {[#]} 21. e6 $1 {[%mdl 512]} Bxe6 {[#]} (21... Bc6 $16 22. Qh4 Ng6) 22. Rxe6 $1 {[%mdl 512]} fxe6 23. Nf4 Qf7 {Strongly threatening ...Nc6.} 24. Bxe7 $1 h6 {Threatening ...g5.} (24... Qxe7 25. Ng6+ $1 {[%mdl 512]} hxg6 26. Qh3+ Qh4 27. Qxh4#) 25. Ng6+ Kh7 26. Ne5 Qh5 {[%cal Rh5d1]} 27. Qd3 Qe8 28. Bb4 Qa4 29. a3 Rac8 30. Bc3 Rc7 31. Re1 a5 32. Qg3 g6 33. Nd3 Re7 34. Nf4 Qe8 35. Bxa5 g5 36. Nd3 f4 37. Qf3 Qg6 38. Bb4 Ree8 39. Ne5 Qf5 40. Qe2 Rg7 41. Qb5 Reg8 42. Qe2 $2 (42. g4 $18 fxg3 43. hxg3) 42... g4 $2 {[%mdl 8192]} (42... Re8 $1 $11 {and Black stays safe.} 43. h3 f3 44. Nxf3 g4 45. hxg4 Rxg4) 43. Qd3 g3 44. fxg3 fxg3 45. h3 Rg5 {[%cal Bg7g5,Bg5f5,Bf5f2][%mdl 32]} 46. Bd2 Kg7 47. Qxf5 Rxf5 48. Ng4 h5 49. Ne5 Rf2 50. Nf3 Rf8 {Black wants to play ...R8xf3.} 51. Bb4 ({Less strong is} 51. Rxe6 R8xf3 52. gxf3 Rxd2 $14) 51... Rf4 52. Bd6 ({Don't take} 52. Rxe6 $6 Rxb2 53. Re5 Kf6 $16) 52... Re4 53. Rxe4 (53. Ra1 $18 {and White stays clearly on top.}) 53... dxe4 $16 {White is better.} 54. Bxg3 Rxb2 55. Ng5 e3 {[#]} 56. Kf1 $1 ({Reject} 56. Nxe6+ Kf6 $11) 56... Kf6 57. Ne4+ Kf5 58. Nd6+ Kg6 59. Nc4 Ra2 60. Bd6 {Precision: White = 74%, Black = 48%.} (60. Nxe3 $16 Rxa3 61. Ke2) 1/2-1/2

[Event "Gideon Japhet ACP Open 2018"]
[Site "Jerusalem"]
[Date "2018.07.03"]
[Round "4"]
[White "Milikow, Yoav"]
[Black "Agrest, Inna"]
[Result "1/2-1/2"]
[WhiteElo "2161"]
[BlackElo "2303"]
[Annotator "NA"]
[PlyCount "68"]
[EventDate "2018.07.01"]
[EventType "swiss"]
[EventCountry "ISR"]
[SourceTitle "playchess.com"]
[Source "ChessBase"]
[SourceQuality "1"]
[TimeControl "40/5400+30:1800+30"]

1. d4 {[%emt 0:00:00]} Nf6 {[%emt 0:00:00]} 2. c4 {[%emt 0:00:00]} g6 {[%emt 0:00:00]} 3. Nc3 {[%emt 0:00:00]} Bg7 {[%emt 0:00:00]} 4. e4 {[%emt 0:00:00]} d6 {[%emt 0:00:00]} 5. Nf3 {[%emt 0:00:01]} O-O {[%emt 0:00:00]} 6. h3 {[%emt 0:00:06]} Na6 {[%emt 0:00:52]} 7. Be3 {[%emt 0:00:11]} e5 {[%emt 0:03:25]} 8. d5 {[%emt 0:00:07]} Nh5 {[%emt 0:12:12]} 9. g3 {[%emt 0:00:16]} Qe8 {[%emt 0:04:13]} 10. Be2 {[%emt 0:00:29]} f5 {[%emt 0:06:08]} 11. exf5 {[%emt 0:00:09]} gxf5 {[%emt 0:01:58]} 12. Ng5 {[%emt 0:00:13]} Nf6 {[%emt 0:01:18]} 13. Qd2 {[%emt 0:00:09]} Nc5 {[%emt 0:09:53]} 14. O-O-O {[%emt 0:03:20]} h6 {[%emt 0:04:44]} 15. Nf3 {[%emt 0:01:16]} Nfe4 {[%emt 0:03:49]} 16. Nxe4 {[%emt 0:01:29]} Nxe4 {[%emt 0:00:04]} 17. Qc2 {[%emt 0:00:10]} c6 {[%emt 0:05:57]} 18. dxc6 {[%emt 0:01:12]} Qxc6 {[%emt 0:05:48]} 19. Nh4 {[%emt 0:09:23]} Be6 {[%emt 0:02:21]} 20. g4 {[%emt 0:03:39]} f4 {[%emt 0:07:15]} 21. Bf3 {[%emt 0:03:48]} Qxc4 {[%emt 0:03:12]} 22. Bxe4 {[%emt 0:01:02]} Qxc2+ {[%emt 0:01:11]} 23. Bxc2 {[%emt 0:00:20]} fxe3 {[%emt 0:00:48]} 24. fxe3 {[%emt 0:00:40]} Rac8 {[%emt 0:05:50]} 25. Ng6 {[%emt 0:01:05]} Rf7 {[%emt 0:00:48]} 26. b3 {[%emt 0:08:20]} d5 {[%emt 0:03:25]} 27. Kb1 {[%emt 0:02:05]} Rfc7 {[%emt 0:07:07]} 28. Bf5 {[%emt 0:02:10]} Kf7 {[%emt 0:00:56]} 29. Nh4 {[%emt 0:02:08]} Bf6 {[%emt 0:01:53]} 30. Bg6+ {[%emt 0:01:08]} Kg7 {[%emt 0:00:42]} 31. Bf5 {[%emt 0:00:10]} Kf7 {[%emt 0:00:02]} 32. Bg6+ {[%emt 0:00:18]} Kg7 {[%emt 0:08:05]} 33. Bf5 {[%emt 0:00:09]} Kf7 {[%emt 0:00:21]} 34. Bg6+ {[%emt 0:00:16]} Kg7 {[%emt 0:01:39]} 1/2-1/2

[Event "Gideon Japhet ACP Open 2018"]
[Site "Jerusalem"]
[Date "2018.07.03"]
[Round "4"]
[White "Golberg, Igor"]
[Black "Bernstein, Nathan"]
[Result "1-0"]
[WhiteElo "2132"]
[BlackElo "1921"]
[Annotator "NA"]
[PlyCount "75"]
[EventDate "2018.07.01"]
[EventType "swiss"]
[EventCountry "ISR"]
[SourceTitle "playchess.com"]
[Source "ChessBase"]
[SourceQuality "1"]
[TimeControl "40/5400+30:1800+30"]

1. d4 {[%emt 0:00:00]} e6 {[%emt 0:00:17]} 2. c4 {[%emt 0:00:01]} d5 {[%emt 0:00:10]} 3. Nf3 {[%emt 0:00:11]} Nf6 {[%emt 0:02:22]} 4. g3 {[%emt 0:00:05]} Nbd7 {[%emt 0:01:45]} 5. Bg2 {[%emt 0:00:09]} Ne4 {[%emt 0:00:18]} 6. O-O {[%emt 0:00:12]} f5 {[%emt 0:00:13]} 7. Nfd2 {[%emt 0:00:56]} Ndf6 {[%emt 0:02:56]} 8. f3 {[%emt 0:00:40]} Nxd2 {[%emt 0:00:45]} 9. Qxd2 {[%emt 0:00:57]} h5 {[%emt 0:00:26]} 10. Nc3 {[%emt 0:01:02]} c5 {[%emt 0:00:25]} 11. cxd5 {[%emt 0:01:16]} exd5 {[%emt 0:01:04]} 12. e4 {[%emt 0:00:27]} h4 {[%emt 0:04:53]} 13. e5 {[%emt 0:07:41]} Nh5 {[%emt 0:02:18]} 14. g4 {[%emt 0:00:52]} f4 {[%emt 0:04:37]} 15. Qd3 {[%emt 0:05:49]} Be6 {[%emt 0:04:37]} 16. Qb5+ {[%emt 0:02:15]} Kf7 {[%emt 0:01:55]} 17. Ne2 {[%emt 0:01:20]} g5 {[%emt 0:04:36]} 18. gxh5 {[%emt 0:00:16]} h3 {[%emt 0:00:11]} 19. Bh1 {[%emt 0:00:16]} Qb6 {[%emt 0:01:10]} 20. Qxb6 {[%emt 0:00:50]} axb6 {[%emt 0:00:13]} 21. Bd2 {[%emt 0:00:14]} Be7 {[%emt 0:00:32]} 22. Kf2 {[%emt 0:01:51]} Bf5 {[%emt 0:00:39]} 23. Rfd1 {[%emt 0:03:02]} Bc2 {[%emt 0:00:29]} 24. Rg1 {[%emt 0:02:42]} Bd3 {[%emt 0:03:14]} 25. Bxf4 {[%emt 0:00:09]} Bxe2 {[%emt 0:00:24]} 26. Bxg5 {[%emt 0:00:09]} Bxg5 {[%emt 0:02:02]} 27. Rxg5 {[%emt 0:00:10]} Bc4 {[%emt 0:00:13]} 28. a3 {[%emt 0:00:31]} cxd4 {[%emt 0:00:16]} 29. f4 {[%emt 0:00:31]} d3 {[%emt 0:01:23]} 30. Ke3 {[%emt 0:00:08]} Rag8 {[%emt 0:00:19]} 31. Rag1 {[%emt 0:00:15]} Rxg5 {[%emt 0:00:31]} 32. Rxg5 {[%emt 0:00:02]} d4+ {[%emt 0:03:45]} 33. Kd2 {[%emt 0:00:06]} Ba6 {[%emt 0:00:31]} 34. Be4 {[%emt 0:00:07]} Ke6 {[%emt 0:01:01]} 35. Rg6+ {[%emt 0:00:16]} Kf7 {[%emt 0:00:14]} 36. Bd5+ {[%emt 0:00:28]} Kf8 {[%emt 0:00:14]} 37. h6 {[%emt 0:00:19]} Ke7 {[%emt 0:00:55]} 38. f5 {[%emt 0:00:08]} 1-0

[Event "Gideon Japhet ACP Open 2018"]
[Site "Jerusalem"]
[Date "2018.07.03"]
[Round "4"]
[White "Gorodetzky, Matan"]
[Black "Caspi, Israel"]
[Result "1-0"]
[WhiteElo "2060"]
[BlackElo "2479"]
[Annotator "ChessBase"]
[PlyCount "85"]
[EventDate "2018.07.01"]
[EventType "swiss"]
[EventCountry "ISR"]
[SourceTitle "playchess.com"]
[Source "ChessBase"]
[SourceQuality "1"]
[TimeControl "40/5400+30:1800+30"]

1. e4 {[%emt 0:00:00]} e5 {[%emt 0:00:00]} 2. Nf3 {[%emt 0:00:00]} Nf6 {[%emt 0:00:00]} 3. d4 {[%emt 0:00:50]} Nxe4 {[%emt 0:00:00]} 4. Bd3 {[%emt 0:03:19]} d5 {[%emt 0:00:00]} 5. dxe5 {[%emt 0:01:39]} Nc5 {[%emt 0:00:06]} 6. Be2 {[%emt 0:00:05]} Be7 {[%emt 0:00:39]} 7. Be3 {[%emt 0:05:11]} O-O {[%emt 0:02:07]} 8. O-O {[%emt 0:03:54]} c6 {[%emt 0:00:03]} 9. c4 {[%emt 0:11:36]} dxc4 {[%emt 0:00:44]} 10. Bxc4 {[%emt 0:00:41]} Nbd7 {[%emt 0:00:05]} 11. Qc2 {[%emt 0:08:46]} Qc7 {[%emt 0:05:05]} 12. Bf4 {[%emt 0:02:45]} Nb6 {[%emt 0:04:10]} 13. Be2 {[%emt 0:07:26]} Nd5 {[%emt 0:17:57]} 14. Bg3 {[%emt 0:00:57]} Qa5 {[%emt 0:00:23]} 15. a3 {[%emt 0:05:25]} Qa4 {[%emt 0:01:14]} 16. Bd1 {[%emt 0:02:18]} Qxc2 {[%emt 0:05:43]} 17. Bxc2 {[%emt 0:00:03]} f5 {[%emt 0:02:35]} 18. exf6 {[%emt 0:00:47]} Rxf6 {[%emt 0:02:56]} 19. Be5 {[%emt 0:06:31]} Rf8 {[%emt 0:03:19]} 20. Nc3 {[%emt 0:07:17]} Nf4 {[%emt 0:08:23]} 21. Rad1 {[%emt 0:02:50]} Bg4 {[%emt 0:02:58]} 22. b4 {[%emt 0:01:10]} Nd7 {[%emt 0:02:23]} 23. Bb3+ {[%emt 0:09:06]} Kh8 {[%emt 0:02:22]} 24. Bxf4 {[%emt 0:02:12]} Rxf4 {[%emt 0:00:06]} 25. h3 {[%emt 0:00:05]} Bxh3 {[%emt 0:08:18]} 26. Rfe1 {[%emt 0:00:49]} Bf6 {[%emt 0:03:24]} 27. Ne2 {[%emt 0:01:28]} Rxf3 {[%emt 0:01:43]} 28. gxf3 {[%emt 0:00:07]} Ne5 {[%emt 0:02:13]} 29. Nd4 {[%emt 0:02:22]} h5 {[%emt 0:00:35]} 30. Kh2 {[%emt 0:01:22]} Bd7 {[%emt 0:00:32]} 31. f4 {[%emt 0:01:16]} Ng4+ {[%emt 0:03:26]} 32. Kg2 {[%emt 0:00:19]} a5 {[%emt 0:00:31]} 33. Ne6 {[%emt 0:02:26]} Bxe6 {[%emt 0:01:40]} 34. Rxe6 {[%emt 0:01:19]} axb4 {[%emt 0:06:22]} 35. axb4 {[%emt 0:00:01]} Bc3 {[%emt 0:00:10]} 36. Rd7 {[%emt 0:02:10]} Bxb4 {[%emt 0:00:40]} 37. Rxb7 {[%emt 0:00:03]} Bc5 {[%emt 0:04:08]} 38. Rxc6 {[%emt 0:02:22]} Bxf2 {[%emt 0:00:44]} 39. Bc2 {[%emt 0:01:06]} Bd4 {[%emt 0:04:10]} 40. Bg6 {[%emt 0:02:27]} Nf6 {[%emt 0:00:14]} 41. Rbc7 {[%emt 0:30:56]} Rf8 {[%emt 0:30:53]} 42. Rc8 {[%emt 0:03:13]} Nd7 {[%emt 0:00:40]} 43. Bf5 {[%emt 0:00:00]} 1-0

[Event "Gideon Japhet ACP Open 2018"]
[Site "Jerusalem"]
[Date "2018.07.03"]
[Round "4"]
[White "Rozen, Eytan"]
[Black "Kantsler, Boris"]
[Result "0-1"]
[WhiteElo "2044"]
[BlackElo "2422"]
[Annotator "NA"]
[PlyCount "66"]
[EventDate "2018.07.01"]
[EventType "swiss"]
[EventCountry "ISR"]
[SourceTitle "playchess.com"]
[Source "ChessBase"]
[SourceQuality "1"]
[TimeControl "40/5400+30:1800+30"]

1. d4 {[%emt 0:00:00]} d6 {[%emt 0:00:00]} 2. e4 {[%emt 0:00:00]} Nf6 {[%emt 0:00:00]} 3. f3 {[%emt 0:00:06]} e5 {[%emt 0:04:14]} 4. d5 {[%emt 0:01:24]} Be7 {[%emt 0:00:07]} 5. Bd3 {[%emt 0:11:17]} Nh5 {[%emt 0:01:15]} 6. Ne2 {[%emt 0:02:35]} Bg5 {[%emt 0:00:30]} 7. O-O {[%emt 0:04:05]} O-O {[%emt 0:04:06]} 8. Bxg5 {[%emt 0:09:31]} Qxg5 {[%emt 0:00:20]} 9. Qd2 {[%emt 0:01:01]} Qe7 {[%emt 0:13:32]} 10. c4 {[%emt 0:06:46]} Nd7 {[%emt 0:04:18]} 11. Nbc3 {[%emt 0:03:18]} a5 {[%emt 0:04:14]} 12. Na4 {[%emt 0:07:34]} b6 {[%emt 0:01:26]} 13. a3 {[%emt 0:01:05]} Nc5 {[%emt 0:00:19]} 14. Nxc5 {[%emt 0:02:04]} bxc5 {[%emt 0:00:04]} 15. b4 {[%emt 0:28:31]} axb4 {[%emt 0:00:47]} 16. axb4 {[%emt 0:00:01]} Rxa1 {[%emt 0:00:07]} 17. Rxa1 {[%emt 0:00:16]} cxb4 {[%emt 0:00:01]} 18. Rb1 {[%emt 0:00:29]} Nf6 {[%emt 0:06:17]} 19. Rxb4 {[%emt 0:03:47]} Nd7 {[%emt 0:00:12]} 20. Bc2 {[%emt 0:02:20]} Nb6 {[%emt 0:18:44]} 21. Nc3 {[%emt 0:01:14]} Bd7 {[%emt 0:08:41]} 22. Ba4 {[%emt 0:06:08]} Ra8 {[%emt 0:03:33]} 23. Bxd7 {[%emt 0:02:19]} Qxd7 {[%emt 0:01:00]} 24. Qb2 {[%emt 0:02:24]} Qd8 {[%emt 0:01:13]} 25. Nb5 {[%emt 0:01:41]} Na4 {[%emt 0:02:19]} 26. Qa2 {[%emt 0:02:30]} Nc5 {[%emt 0:00:57]} 27. Qb1 {[%emt 0:00:33]} g6 {[%emt 0:00:40]} 28. Nc3 {[%emt 0:00:29]} Qg5 {[%emt 0:00:48]} 29. Rb8+ {[%emt 0:00:31]} Rxb8 {[%emt 0:00:01]} 30. Qxb8+ {[%emt 0:00:14]} Kg7 {[%emt 0:00:01]} 31. Qb2 {[%emt 0:00:46]} Qe3+ {[%emt 0:00:05]} 32. Kf1 {[%emt 0:00:08]} Qd3+ {[%emt 0:00:51]} 33. Ne2 {[%emt 0:00:52]} Qd1+ 0-1